[Event "Rohde op 08th"]
[Site "Sautron"]
[Date "2008.10.30"]
[Round "7"]
[White "Foussard, Gervais"]
[Black "Delorme, Alban"]
[Result "0-1"]
[WhiteElo "1809"]
[BlackElo "2257"]
[PlyCount "52"]
[EventDate "2008.10.25"]
[EventType "swiss"]
[EventRounds "9"]
[EventCountry "FRA"]
[SourceTitle "EXT 2009"]
[Source "ChessBase"]
[SourceDate "2008.11.26"]
[SourceVersion "1"]
[SourceVersionDate "2008.11.26"]
[SourceQuality "1"]

1. e4 c5 2. c4 Nc6 3. g3 g6 4. Bg2 Bg7 5. Nc3 e6 6. d3 Nge7 7. Bg5 0-0 8. Qd2 Nd4 9. Nf3 f6 10. Be3 f5 11. e5 Nec6 12. Bf4 Nxf3+ 13. Bxf3 Nxe5 14. Bg2 Nf7 15. h4 d6 16. Be3 Rb8 17. h5 g5 18. h6 Bf6 19. 0-0-0 a6 20. Rh5 b5 21. d4 Qe7 22. Qc2 cxd4 23. Bxd4 bxc4 24. g4 fxg4 25. Be4 Ne5 26. Bxh7+ Qxh7 0-1

[Event "Rohde op 08th"]
[Site "Sautron"]
[Date "2008.10.27"]
[Round "3"]
[White "Damia, Angelo"]
[Black "Foussard, Gervais"]
[Result "1-0"]
[WhiteElo "2222"]
[BlackElo "1809"]
[PlyCount "109"]
[EventDate "2008.10.25"]
[EventType "swiss"]
[EventRounds "9"]
[EventCountry "FRA"]
[SourceTitle "EXT 2009"]
[Source "ChessBase"]
[SourceDate "2008.11.26"]
[SourceVersion "1"]
[SourceVersionDate "2008.11.26"]
[SourceQuality "1"]

1. e4 d5 2. exd5 Nf6 3. c4 c6 4. Nc3 cxd5 5. cxd5 Nxd5 6. Nf3 e6 7. d4 Be7 8. Ne5 0-0 9. Bd3 Nc6 10. Nxc6 bxc6 11. 0-0 f5 12. Re1 Bd6 13. Nxd5 cxd5 14. Qa4 Qe7 15. Bd2 Rb8 16. Rab1 Bd7 17. Qa6 Bc8 18. Qc6 Bd7 19. Bg5 Bxc6 20. Bxe7 Bxe7 21. Rxe6 Bf6 22. Rxc6 Bxd4 23. b3 g6 24. Re1 Rbc8 25. Bb5 Rfd8 26. Rd1 Bb6 27. Kf1 Rxc6 28. Bxc6 d4 29. Ke2 Kf7 30. Kd3 Ke6 31. Rc1 Kd6 32. Bf3 Bc5 33. Rc4 Rb8 34. Ra4 Rb4 35. Ra5 Rb8 36. Bd1 Bb6 37. Ra4 a5 38. Kc4 h6 39. Bf3 Rc8+ 40. Kb5 Rb8 41. Rc4 Bc5+ 42. Kxa5 g5 43. b4 Bb6+ 44. Ka4 g4 45. Be2 Re8 46. Bd3 f4 47. Kb5 Ba7 48. Rc6+ Kd5 49. Rxh6 Bb8 50. Rh5+ Be5 51. Rg5 Rb8+ 52. Ka4 Ra8+ 53. Kb3 Rc8 54. Bc4+ Ke4 55. f3+ 1-0

[Event "FRA-chT2 West 0607"]
[Site "France"]
[Date "2007.03.31"]
[Round "10.5"]
[White "Foussard, Gervais"]
[Black "Mayaud, Raphael"]
[Result "0-1"]
[WhiteElo "2030"]
[BlackElo "2219"]
[PlyCount "84"]
[EventDate "2006.10.15"]
[EventType "team"]
[EventRounds "11"]
[EventCountry "FRA"]
[SourceTitle "EXT 2008"]
[Source "ChessBase"]
[SourceDate "2007.11.25"]
[SourceVersion "1"]
[SourceVersionDate "2007.11.25"]
[SourceQuality "1"]
[WhiteTeam "Guingamp II"]
[BlackTeam "Chess XV II"]
[WhiteTeamCountry "FRA"]
[BlackTeamCountry "FRA"]

1. e4 d5 2. exd5 Qxd5 3. Nc3 Qd8 4. d4 Nf6 5. Bc4 a6 6. a3 b5 7. Ba2 Bb7 8. f3 e6 9. Nge2 c5 10. dxc5 Qxd1+ 11. Nxd1 Bxc5 12. b4 Bb6 13. Be3 Nbd7 14. c4 bxc4 15. Bxc4 Rc8 16. Bb3 Bd5 17. Ba4 Ke7 18. Bxd7 Nxd7 19. Bxb6 Nxb6 20. Ne3 Bc6 21. Kf2 Rhd8 22. Rhd1 Ba4 23. Rxd8 Rxd8 24. Rc1 Rd2 25. Ke1 Ra2 26. Rc3 f5 27. Nc1 Ra1 28. f4 Kf6 29. g3 g5 30. Kf2 g4 31. Nd3 Ra2+ 32. Kg1 Ra1+ 33. Kf2 Ra2+ 34. Kg1 Bb5 35. Ne5 Nd5 36. Nxd5+ exd5 37. Nc6 Rd2 38. Na7 d4 39. Rc5 Be2 40. b5 Bf3 41. bxa6 d3 42. Nb5 Rc2 0-1

[Event "FRA-chT3 Gr5 "]
[Site "Bretagne"]
[Date "2006.??.??"]
[Round "5.6"]
[White "Padioleau, Aurelien"]
[Black "Foussard, Gervais"]
[Result "0-1"]
[WhiteElo "2000"]
[BlackElo "1950"]
[PlyCount "68"]
[EventDate "2006.??.??"]
[EventType "team"]
[EventRounds "9"]
[EventCountry "FRA"]
[SourceTitle "EXT 2007"]
[Source "ChessBase"]
[SourceDate "2006.11.23"]
[SourceVersion "1"]
[SourceVersionDate "2006.11.23"]
[SourceQuality "1"]

1. e4 e5 2. Nf3 Nf6 3. Nc3 Nc6 4. Bc4 Be7 5. 0-0 0-0 6. d4 exd4 7. Nxd4 d6 8. Re1 Ne5 9. Bf1 c6 10. Bf4 Qc7 11. Bg3 Re8 12. f3 Nh5 13. Bf2 Nf4 14. Be3 Nfg6 15. Qd2 Bd7 16. Bf2 Rad8 17. Rad1 Bc8 18. Qc1 Bh4 19. Bxh4 Nxh4 20. Qg5 Qe7 21. Qxe7 Rxe7 22. f4 Ng4 23. g3 Ng6 24. Nf5 Bxf5 25. exf5 Rxe1 26. Rxe1 Nf8 27. Re7 Nd7 28. Bc4 Kf8 29. Re1 Nc5 30. Bf1 d5 31. Kg2 Nh6 32. f6 gxf6 33. Kf3 Nf5 34. Bh3 Nd4+ 0-1

[Event "FRA-chT3 0405"]
[Site "France"]
[Date "2005.01.09"]
[Round "5"]
[White "Boudehen, Stephanie"]
[Black "Foussard, Gervais"]
[Result "0-1"]
[WhiteElo "1760"]
[BlackElo "1920"]
[PlyCount "96"]
[EventDate "2004.10.10"]
[EventType "team"]
[EventRounds "9"]
[EventCountry "FRA"]
[SourceTitle "EXT 2007"]
[Source "ChessBase"]
[SourceDate "2006.11.23"]
[SourceVersion "1"]
[SourceVersionDate "2006.11.23"]
[SourceQuality "1"]

1. d4 d5 2. c4 c6 3. Nc3 Nf6 4. Bg5 Ne4 5. Nxe4 dxe4 6. g3 h6 7. Be3 Nd7 8. Bg2 Nf6 9. Bf4 Bf5 10. e3 Qa5+ 11. Qd2 Qxd2+ 12. Kxd2 0-0-0 13. Ne2 Nd7 14. Nc3 g5 15. g4 Bxg4 16. Bg3 f5 17. b4 e5 18. h3 Bh5 19. b5 Nb6 20. c5 Bxc5 21. bxc6 bxc6 22. Bxe5 Nc4+ 23. Kc2 Nxe5 24. dxc5 Kc7 25. Rab1 Rb8 26. Bf1 Rxb1 27. Kxb1 Rd8 28. Kc2 Nd7 29. Be2 Bxe2 30. Nxe2 Nxc5 31. Nd4 Rd5 32. Rd1 Nd3 33. f3 a6 34. fxe4 fxe4 35. Rf1 c5 36. Ne6+ Kd6 37. Ng7 Nb4+ 38. Kb3 Ke7 39. Nf5+ Ke6 40. Nxh6 Rd3+ 41. Kc4 Rxe3 42. Kxc5 Nc2 43. Ng4 Rc3+ 44. Kb6 e3 45. Rf6+ Ke7 46. Rf5 Rc6+ 47. Kb7 e2 48. Kxc6 Nd4+ 0-1

[Event "FRA-chT3 0405"]
[Site "France"]
[Date "2004.12.05"]
[Round "3.2"]
[White "Foussard, Gervais"]
[Black "Le Goff, Damien"]
[Result "0-1"]
[WhiteElo "1940"]
[BlackElo "2122"]
[PlyCount "69"]
[EventDate "2004.10.10"]
[EventType "team"]
[EventRounds "9"]
[EventCountry "FRA"]
[SourceTitle "EXT 2007"]
[Source "ChessBase"]
[SourceDate "2006.11.23"]
[SourceVersion "1"]
[SourceVersionDate "2006.11.23"]
[SourceQuality "1"]

1. e4 c5 2. Nf3 d6 3. d4 cxd4 4. Nxd4 Nf6 5. Nc3 a6 6. a4 e5 7. Nb3 Be6 8. Be2 Nc6 9. Be3 Be7 10. 0-0 0-0 11. Bf3 Na5 12. Nd2 Rc8 13. Nd5 Nxd5 14. exd5 Bf5 15. Rc1 Bd7 16. c4 b6 17. g4 Nb7 18. b4 Bg5 19. Be4 Bxe3 20. fxe3 Qg5 21. Qf3 Qxg4+ 22. Qg3 Qxg3+ 23. hxg3 f5 24. Bc2 g6 25. Kg2 Rb8 26. Ra1 Rfc8 27. e4 Rf8 28. exf5 Bxf5 29. Ne4 Bxe4+ 30. Bxe4 Rxf1 31. Rxf1 Rf8 32. Rc1 Rc8 33. Kf3 Kg7 34. Ke3 Rc7 35. Bg2 0-1